• 首页
  • 本馆介绍
  • 公告通知
  • 最新文献
  • 馆藏检索
  • 电子资源
  • 读者荐购
  • 参考咨询
  • CALIS
  • 我的图书馆
  • 登录
  • 详细信息显示
  • 放入我的书架
  • 预约/预借图书
  • 作者相关作品
  • 分类相关作品
  • 丛书相关作品
  • 出版社相关作品

书目信息

  • 表格格式
  • 工作单格式
  • 卡片格式
题名:
材料科学基础实验指导教程
    
 
作者: 李玲 编著
分册:  
出版信息: 广州   暨南大学出版社  2025.02
页数: 151页
开本: 21cm
丛书名:
单 册:
中图分类: TB3-33
科图分类:
主题词: 材料科学--cai liao ke xue--实验--教材
电子资源:
ISBN: 978-7-5668-4108-7
 
 
 
 
 
000 01077nam0 2200265 450
001 97812
005 20250920083116.18
010    @a978-7-5668-4108-7@dCNY32.00
100    @a20250409d2025 em y0chiy50 ea
101 0  @achi
102    @aCN@b440000
105    @aa a 000yy
106    @ar
106    @ar
200 1  @a材料科学基础实验指导教程@Acai liao ke xue ji chu shi yan zhi dao jiao cheng@f李玲 ... [等] 编著
210    @a广州@c暨南大学出版社@d2025.02
215    @a151页@c图@d21cm
304    @a题名页题其余责任者: 许佳怡, 王子奇, 李红, 崔绍刚
320    @a有书目 (第140-151页)
330    @a本书精选了16个实验, 分为基础实验 (12个实验) 和综合设计实验 (4个实验) 。基础实验包含了金相样品的制备和显微组织的观察、固溶强化理论验证实验和力学性能测试实验等内容。综合设计实验包含了冷变形金属和退火后的冷变形金属的力学性能与显微组织表征实验、差示扫描量热法 (DSC) 绘制Pb-Sn二元合金相图等。
606 0  @a材料科学@Acai liao ke xue@x实验@j教材
690    @aTB3-33@v5
701  0 @a李玲@Ali ling@4编著
801  0 @aCN@c20250909
905    @a河南城建学院图书馆@dTB3-33@eL202@f1
    
    材料科学基础实验指导教程/李玲 ... [等] 编著.-广州:暨南大学出版社,2025.02
    151页:图;21cm
    
    
    ISBN 978-7-5668-4108-7:CNY32.00
    本书精选了16个实验, 分为基础实验 (12个实验) 和综合设计实验 (4个实验) 。基础实验包含了金相样品的制备和显微组织的观察、固溶强化理论验证实验和力学性能测试实验等内容。综合设计实验包含了冷变形金属和退火后的冷变形金属的力学性能与显微组织表征实验、差示扫描量热法 (DSC) 绘制Pb-Sn二元合金相图等。
●
相关链接 在E读中查询图书 在当当中查询图书 在豆瓣中查询图书


正题名:材料科学基础实验指导教程     索取号:TB3-33/L202         预约/预借

序号 登录号 条形码 馆藏地/架位号 状态 备注
1 1638858   216388585   自科库501/501自科库 9排3列3层/ [索取号:TB3-33/L202] 在馆    
河南城建学院图书馆 欢迎您!
大连网信软件有限公司© 版权所有